Olivia - One Direction (All Lyrics) - Statistics

General Stats
  • This quiz has been taken 73 times
  • The average score is 249 of 293
Answer Stats
Lyrics % Correct
I
100%
i
100%
Olivia
100%
do
98%
don't
98%
love
98%
love,
98%
me
98%
me,
98%
you
98%
you,
98%
be
96%
for
96%
in
96%
live
96%
the
96%
to
96%
a
94%
go
94%
long
94%
your
94%
let
92%
things
92%
believe
90%
oh,
90%
oh
90%
please
90%
see
90%
mean
88%
my
87%
of
87%
all
85%
on
85%
with
85%
and
83%
i'm
83%
you're
83%
day
81%
eyes
81%
it
81%
remember
81%
when
81%
I've
79%
i've
79%
t-shirt
79%
up
79%
were
79%
been
77%
friends
77%
say
77%
bed
75%
is
75%
given
71%
leaving
71%
light
69%
she's
69%
told
69%
give
67%
i'll
67%
imagination
67%
lying
67%
this
67%
butterflies
65%
enough
65%
saying
65%
belong
63%
bleeding
63%
creation
63%
it's
63%
now
63%
out
63%
'cause
62%
summertime
62%
are
60%
what
60%
wrong
58%
didn't
56%
feeling
54%
got
54%
time
52%
walking
52%
about
50%
idolizing
50%
isn't
50%
alone
48%
red
48%
seeing
48%
wine,
48%
not
46%
stain
46%
consequences
44%
just
44%
irrelevant
42%
crying
40%
falling
40%
thinking
40%
how
37%
something
37%
reasons
35%
went
35%
we've
35%
these
33%
there's
31%
having
29%
nightmares
25%
No matching quizzes found
Score Distribution
Percent of People with Each Score
Percentile by Number Answered
Your Score History
You have not taken this quiz